| 000 | 00000nam##2200000za#4500 |
| 001 | 9.558362 |
| 003 | CaOODSP |
| 005 | 20230131161132 |
| 007 | cr ||||||||||| |
| 008 | 150406|2003||||xxc|||||o f|0| 0 eng|d |
| 020 | |a0-662-33583-X |
| 040 | |aCaOODSP|beng |
| 043 | |an-cn--- |
| 086 | 1 |aM44-2003/B1E-IN |
| 110 | 2 |aGeological Survey of Canada. |
| 245 | 10|aSearch for a paleoflood record using physical and geochemical properties of cores from shallow lakes, Red River valley, Manitoba and North Dakota / |h[electronic resource]|c[by] Barbara E. Medioli. |
| 260 | |aOttawa - Ontario : |bNatural Resources Canada. |c2003. |
| 300 | |a13p.|bfigs., graphs, map, references, table, photographs |
| 490 | 1 |aCurrent research 2003|v2003-B1 |
| 546 | |a(Résumé en français.) |
| 590 | |a14-04-Supp|b2014-02-05 |
| 830 | #0|aCurrent research (Geological Survey of Canada)|v2003-B1|w(CaOODSP)9.506236 |
| 856 | 40|ahttp://publications.gc.ca|qPDF|s610 KB|uhttps://publications.gc.ca/collections/collection_2013/rncan-nrcan/M44-2003-B1-eng.pdf|y2003-B1 |